<The> Non-financial Employee Benefits in Practice of Enterprises in Slovakia

Guardado en:
Detalles Bibliográficos
Autor principal: Gontkovičová, Barbora, 1986-
Otros Autores: Duľová Spišáková, Emília, 1983-, Bednárová, Lucia
Formato: Capítulo de libro
Lenguaje:inglés
Materias:
Etiquetas: Agregar Etiqueta
Sin Etiquetas, Sea el primero en etiquetar este registro!

MARC

LEADER 00000nla a2200000 4500
001 0235063
005 20240502083626.6
041 0 |a eng 
044 |a PL 
245 1 0 |a <The> Non-financial Employee Benefits in Practice of Enterprises in Slovakia  |c Barbora Gontkovičová, Emília Duľová Spišáková, Lucia Bednárová 
610 2 0 |a benefity 
610 2 0 |a zamestnanci 
610 2 0 |a zamestnávatelia 
610 2 0 |a motivácia pracovná 
610 2 0 |a odmeňovanie 
610 2 0 |a analýzy 
610 2 0 |a Slovensko 
100 1 |a Gontkovičová, Barbora, 1986- 
700 1 |a Duľová Spišáková, Emília, 1983- 
700 1 |a Bednárová, Lucia